Statistics for Brand Logos Quiz #2

Click here to take the quiz!

General Stats

  • This quiz has been taken 532,310 times
    (435,159 since last reset)
  • The average score is 16 of 20

Answer Stats

Answer% Correct
Google
99%
Starbucks
98%
Microsoft
96%
Lego
96%
Twitter
96%
SnapChat
94%
Puma
92%
X-Box
91%
Firefox
90%
Toyota
90%
Burger King
89%
Spotify
88%
Gucci
79%
Playboy
78%
Beats by Dre
74%
WalMart
66%
The North Face
59%
Nestlé
53%
AT&T
48%
Skoda Auto
47%

Score Distribution

Percentile by Number Answered

Percent of People with Each Score

Your Score History

You have not taken this quiz since the last reset